Normal view
MARC view
- Dennis A Rondinelli
Entry Personal Name
001 - CONTROL NUMBER
- control field: 9405
003 - CONTROL NUMBER IDENTIFIER
- control field: NUST
005 - DATE AND TIME OF LATEST TRANSACTION
- control field: 20180122090254.0
008 - FIXED-LENGTH DATA ELEMENTS
- fixed length control field: 180122|| aca||aabn | a|a d
040 ## - CATALOGING SOURCE
- Original cataloging agency: NUST
- Transcribing agency: NUST
100 ## - HEADING--PERSONAL NAME
- Personal name: Dennis A Rondinelli
670 ## - SOURCE DATA FOUND
- Source citation: Work cat.: (NUST)321018: Dennis A Rondinelli, Secondary cities in developing countries : policies for diffusing urbanization, 1983
